General Knowledge #16 - Statistics

General Stats
  • This quiz has been taken 51 times
  • The average score is 11 of 15
Answer Stats
Question Answer % Correct
What continent is the country of Qatar located on? Asia
98%
Five of the U.S. federal holidays fall on which day of the week? Monday
89%
What is the smallest prime number? 2
87%
Who wrote the odyssey? Homer
85%
The watergate scandal involved which U.S. president? Richard Nixon
83%
What is the largest bird? Ostrich
81%
Who gave the Gettysburg address? Abraham Lincoln
79%
A word that is read the same forwards and backwards is what? Palindrome
79%
What is the smallest unit of matter called? An atom
70%
In which year did Christopher Columbus discover America? 1492
68%
Which river formed the Grand Canyon? Colorado
68%
Which gas do plants absorb during photosynthesis? Carbon Dioxide
66%
Which ancient people are thought to have domesticated cats? Egyptians
64%
What is the powerhouse of the cell called? Mitochondria
55%
Male bees are known as what? Drones
51%
No matching quizzes found
Score Distribution
Percent of People with Each Score
Percentile by Number Answered
Your Score History
You have not taken this quiz